000 00953nam a2200253 i 4500
003 DO-SdBNP
005 20231113084408.0
007 ta
008 110413s1982 dr 000 j spa d
040 _aDO-SdBNP
_bspa
_cBNPHU
_erda
082 _bI41
_222
100 1 _aRojas Espejo, Ricardo
_911765
_d1956-
110 2 _aInstituto Dominicano de Tecnología Industrial. Centro de Información Científica y Tecnológica
_984617
245 1 0 _aDirectorio de tesis universitarias /
264 1 _aSanto Domingo :
_bInstituto Dominicano de Tecnología Industrial,
_bCentro de Información Científica y Tecnológica,
_c[1982].
300 _a2 volumenes
_c27 cm.
336 _2rdacontent
_atexto
_btxt
337 _2rdamedia
_asin mediación
_bn
338 _2rdacarrier
_avolumen
_bnc
590 _aInventariado, 2023/ YL
650 4 _aTesis y disertaciones académicas
_xBibliografía
_zRepública Dominicana
_984618
910 _aYLockward
942 _2ddc
_cLBS1
999 _c55461
_d55461